000 00507nam a22001697a 4500
003 OSt
005 20221103170551.0
008 150522b xxu||||| |||| 00| 0 eng d
040 _cBiblioteca Lado V
082 _a708
_bG561e
100 _9300
_aGlissant, Edourd
_edirector
245 _aEspaces des Ameriques/
_bMusee Martiiquais des arts des ameriues/
260 _bGroupe Bernard Hayot
300 _a118p.
_c22x22cm
710 _aJoan Duran
_92735
942 _2ddc
_c1
_h708
_iG561e
_n0
999 _c2488
_d2488